Desafiando la intransigencia

Detalles Bibliográficos
Autor principal: Galln̤ Giraldo, Gustavo
Otros Autores: Rodrg̕uez Rincn̤, Harvey, Abona̕ Vergara, Diego Fernando
Formato: eBook
Lenguaje:español
Publicado: Bogot:̀ Comisin̤ Colombiana de Juristas, 2013
Materias:
Acceso en línea:Acceso restringido

MARC

LEADER 00000nam a22000007a 4500
005 20200306214546.0
007 cr|||| ||||
008 200306s2013 co |||||s|||| 00||0 spa d
020 |a 978-958-9348-62-8 
035 |a 31160 
040 |a vLex 
090 |c 10199  |d 10199 
100 1 |a Galln̤ Giraldo, Gustavo 
245 1 0 |a Desafiando la intransigencia  |h [Recurso electrn̤ico] /  |c Gustavo Galln̤ Giraldo, Harvey Rodrg̕uez Rincn̤, Diego Fernando Abona̕ Vergara 
256 |a Servicio en ln̕ea 
260 |a Bogot:̀  |b Comisin̤ Colombiana de Juristas,  |c 2013 
300 |a 1 recurso electrn̤ico 
506 1 |a Disponible solo en los productos indicados  |d vLex Global  |d vLex Global (Academic Edition, excluding Law Schools)  |d vLex Global (U.S. Academic Edition, Law Schools)  |d vLex Global (U.S. Academic Edition, excluding Law Schools)  |d vLex Global (Academic Edition, Law Schools) 
650 0 4 |a Derecho Internacional  |z Colombia 
700 1 |a Rodrg̕uez Rincn̤, Harvey 
700 1 |a Abona̕ Vergara, Diego Fernando 
740 0 |a vLex Libros (Servicio en ln̕ea) 
856 4 0 |u http://vlex.com/source/desafiando-intransigencia-31160  |z Acceso restringido 
942 |c BOOK 
999 0 |a International right